| 000 | 00444 a2200157 4500 | ||
|---|---|---|---|
| 003 | OSt | ||
| 005 | 20231215161321.0 | ||
| 008 | 231215b |||||||| |||| 00| 0 eng d | ||
| 020 | _a8170556430 | ||
| 040 | _coclc | ||
| 082 |
_a300 _bRAJ/S |
||
| 245 |
_aSTRI PARAMPARA AUR AAHUNIKTA / _cedited by Raj Kishore |
||
| 260 |
_aNew Delhi: _bVani Prakashan, _c2010 |
||
| 300 | _a171p | ||
| 942 |
_2ddc _cBK _h300 _iRAJ/S _k300 _mRAJ/S |
||
| 999 |
_c43436 _d43436 |
||